00462 2200169 4500001002100000005001700021035002500038090001900063100002400082245007000106260003100176300002000207650002100227850001200248990001600260990001600276YOGYA00000000001108420150302155843.0 a0010-081400000010802 aT 633.58 Lut P aLutony, Tony Luqman aPinang Sirih : Komoditi Ekspor dan SerbagunacLutony, Tony Luqman aYogyakartabKanisiusc1999 a43 hlm.c21 cm. aKomoditi eksport aYOPDYOG a4203-P/2000 a4204-P/2000